Determination of Diagnostic Action Intervals for Planned Interval Maintenance

Prevencia ako významný proces v udržiavaní strojov. Popis ekonomických výhod a technických diagnostických metód údržby. Analýza moderných metód údržby RCM a TPM.

Gespeichert in:
Bibliographische Detailangaben
1. Verfasser: Daneshjo, Naqibullah, 1964-
Weitere Verfasser: Tahzib, Baryalai, Stratyinski, Cristian Dan, Dietrich, Christian
Format: Buchkapitel
Sprache:Englisch
Schlagworte:
Tags: Tag hinzufügen
Keine Tags, Fügen Sie das erste Tag hinzu!

MARC

LEADER 00000naa a2200000 4500
001 0270321
005 20240502083812.1
041 0 |a eng 
044 |a RO 
245 1 0 |a Determination of Diagnostic Action Intervals for Planned Interval Maintenance  |c Naqibullah Daneshjo, Baryalai Tahzib, Cristian Dan Stratyinski, Christian Dietrich 
520 |a Prevencia ako významný proces v udržiavaní strojov. Popis ekonomických výhod a technických diagnostických metód údržby. Analýza moderných metód údržby RCM a TPM. 
610 2 0 |a výrobky 
610 2 0 |a údržba systémov 
610 2 0 |a diagnostikácia 
610 2 0 |a procesy podnikové 
610 2 0 |a procesy pomocné a obslužné 
100 1 |a Daneshjo, Naqibullah, 1964- 
700 1 |a Tahzib, Baryalai 
700 1 |a Stratyinski, Cristian Dan 
700 1 |a Dietrich, Christian